00881 a2200169 45000010006000000050017000060080041000230030015000640400040000790800083001192450063002022640032002653000019002975050352003161000023006687000020006915909320260407155845.0260407a1989 arg spa dAR-UNSa-BCEJYS aAR-UNSa-BCEJYSbspacAR-UNSa-BCEJYS a338.45xIndustria como sector económico. Producción comercial, industrial 10aLa industria argentinapdesarrollo y cambios estructurales 1aBuenos Aires :bCEPALc1989 a225 p.c21 cm. a1. Desarrollo industrial e inestabilidad macroeconómica. La experiencia argentina reciente – 2. La promoción a la inversión industrial en la Argentina. Efectos sobre la estructura industrial 1974-1987 – 3. Exportaciones e industrialización en la Argentina entre 1973 y 1986 – 4. Las empresas transnacionales en la industria argentina1 aKosacoff, Bernardo1 aAzpiazu, Daniel